Sketches: or essays on various subjects : By Launcelot Temple, Esq.

Bibliographic Details
Main Author: Armstrong, John, 1709-1779
Format: eBook
Language:English
Edition:The second edition, corrected.
Series:Eighteenth century collections online.
Online Access:Full text online

MARC

Tag First Indicator Second Indicator Subfields
LEADER 00000cam a2200000 4500
001 in00001908116
006 m | d |
007 cr |n||||||||n
008 810811s1758 enk|||| s 00||||eng d
005 20260406221224.1
035 |a (CStRLIN)ESTCT126890 
040 |a Uk-ES  |c Uk-ES  |d CStRLIN  |d Thomson Gale  |d UtOrBLW 
100 1 |a Armstrong, John,  |d 1709-1779. 
245 1 0 |a Sketches: or essays on various subjects :  |b By Launcelot Temple, Esq. 
250 |a The second edition, corrected. 
264 3 |a London :  |b printed for A. Millar,  |c 1758. 
300 |a vii, 1 unnumbered page, 86p. ;  |c 8⁰. 
336 |a text  |b txt  |2 rdacontent 
337 |a computer  |b c  |2 rdamedia 
338 |a online resource  |b cr  |2 rdacarrier 
500 |a Launcelot Temple = John Armstrong. 
500 |a Reproduction of original from the British Library. 
510 4 |a English Short Title Catalog,  |c ESTCT126890. 
533 |a Electronic reproduction.  |b Farmington Hills, Mich. :  |c Thomson Gale,  |d 2003.  |n Available via the World Wide Web.  |n Access limited by licensing agreements  |7 s2003 miunns 
500 |a Electronic resource. 
830 0 |a Eighteenth century collections online. 
856 4 0 |u http://proxy.library.tamu.edu/login?url=https://galenet.galegroup.com/servlet/ECCO?c=1&stp=Author&ste=11&af=BN&ae=T126890&tiPG=1&dd=0&dc=flc&docNum=CW113559063&vrsn=1.0&srchtp=a&d4=0.33&n=10&SU=0LRK&locID=txshracd2898  |z Full text online  |t 0 
999 |a MARS 
999 f f |s 189ece44-0b56-3e43-a625-f7dd4921afec  |i 2375ee70-1a45-3517-a7bd-d69507c86cb8  |t 0 
952 f f |a Texas A&M University  |b College Station  |c Electronic Resources  |s www_evans  |d Available Online  |t 0  |h No information provided 
998 f f |t 0  |l Available Online